000 00745nam a22002417a 4500
003 UA-OsUOA
001 135804
007 ta
008 20190218b un ||||| |||| 00| 0 ukr d
100 _aЯрмолюк Л. П.
090 _a94(477.81):929
_bЯ75
942 _cBK
040 _aUA-OsUOA
_bukr
_cUA-OsUOA
_dUA-OsUOA
245 _aЦіна віри та свободи
_bдокументально-історичний біографічний нарис
300 _a128 с.
955 _a1
041 _aukr
080 _a94(477.81):929
020 _a978-966-416-528-7
260 _aРівне
_bВолинські обереги
_c2017
650 7 _a9 Географія. Біографії. Історія
_2UDC
999 _c409005
_d409005